Score 0/113 Timer 10:00
0 Plays Today
% Correct
Lamb,
95.4%
Lamb,
95.4%
Lamb,
95.4%
Lamb,
95.4%
Lamb.
95.4%
lamb,
95.4%
Lamb,
95.4%
Lamb,
95.4%
and
94.5%
the
94.5%
and
94.5%
the
94.5%
a
94.5%
the
94.5%
a
94.5%
and
94.5%
a
94.5%
a
94.5%
and
94.5%
a
94.5%
Little
86.2%
Little
86.2%
Little
86.2%
Little
86.2%
little
86.2%
Little
86.2%
Little
86.2%
thee?
84.4%
thee?
84.4%
thee
84.4%
thee
84.4%
thee
84.4%
thee
84.4%
thee?
84.4%
thee?
84.4%
thee,
84.4%
thee.
84.4%
thee!
84.4%
% Correct
thee!
84.4%
who
83.5%
who
83.5%
who
83.5%
who
83.5%
made
82.6%
made
82.6%
made
82.6%
made
82.6%
thou
81.7%
thou
81.7%
thou
81.7%
I
78.9%
Dost
78%
Dost
78%
know
76.1%
know
76.1%
He
69.7%
He
69.7%
He
69.7%
He
69.7%
He
69.7%
child.
69.7%
child,
69.7%
God
67.9%
God
67.9%
Gave
67%
Gave
67%
Gave
67%
life,
62.4%
is
62.4%
is
62.4%
is
62.4%
bless
62.4%
bless
62.4%
stream
60.6%
bid
59.6%
By
56.9%
% Correct
mead;
56.9%
by
56.9%
meek,
56.9%
mild;
56.9%
by
56.9%
feed,
56%
voice,
56%
tell
55%
tell
55%
I'll
54.1%
I'll
54.1%
o'er
53.2%
Softest
53.2%
clothing
52.3%
clothing,
52.3%
thy
52.3%
bright;
51.4%
name,
51.4%
became
51.4%
name.
51.4%
of
50.5%
tender
49.5%
Himself
49.5%
rejoice?
48.6%
called
48.6%
For
48.6%
called
48.6%
such
47.7%
are
47.7%
We
46.8%
delight,
45.9%
vales
45%
calls
45%
woolly,
44%
His
43.1%
all
42.2%
Making
41.3%
Remove Ads.
Support Sporcle.
Get the best of Sporcle when you Go Orange. This ad-free experience offers more features, more stats, and more fun while also helping to support Sporcle. Thank you for becoming a member.

You're not logged in!

Compare scores with friends on all Sporcle quizzes.
OR
Log In

Show Comments

Extras

Created Jun 16, 2012ReportNominate
Tags:Poem Quiz, blake, lamb

Top Quizzes Today


Score Distribution

Your Account Isn't Verified!

In order to create a playlist on Sporcle, you need to verify the email address you used during registration. Go to your Sporcle Settings to finish the process.

Report this User

Report this user for behavior that violates our Community Guidelines.

Details: